| 000 | 00439nam a22001697a 4500 | ||
|---|---|---|---|
| 999 |
_c2514 _d2514 |
||
| 005 | 20230627102849.0 | ||
| 008 | 230627b ||||| |||| 00| 0 eng d | ||
| 020 | _a9780340950517 | ||
| 040 | _cKH8 | ||
| 082 | _aFIC MCK | ||
| 100 |
_aMcKay, Hilary _dAuthor |
||
| 245 |
_aThe exiles / _cHilary McKay |
||
| 260 |
_aNew York ; _bHodder Children's Books, _c2007 |
||
| 300 |
_a191p. _c20cm. |
||
| 650 | _aEnglish fiction | ||
| 942 |
_2ddc _cFIC |
||